000 00304nam a22001337a 4500
008 190305b xxu||||| |||| 00| 0 eng d
020 _a9780072227901
041 _aeng
080 _22nd
_a004
100 _a28
101 _aSHK
245 _aJavaScript A Beginner's Guide
_cPollock,J
942 _2udc
_cBK
999 _c54489
_d54489